Catálogo

Curso de dibujo arquitectónico / (Registro nro. 64426)

Detalles MARC
000 -LEADER
fixed length control field 01591cam a2200337 i 4500
001 - CONTROL NUMBER
control field 64426
003 - CONTROL NUMBER IDENTIFIER
control field Mx-PuUPA
005 - DATE AND TIME OF LATEST TRANSACTION
control field 20260317155539.0
008 - FIXED-LENGTH DATA ELEMENTS--GENERAL INFORMATION
fixed length control field 160310s2019 mx ae gr 000 0 spa d
020 ## - INTERNATIONAL STANDARD BOOK NUMBER
International Standard Book Number 9786071737311
040 ## - CATALOGING SOURCE
Original cataloging agency Mx-PuUPA
Transcribing agency Mx-PuUPA
Language of cataloging spa
Modifying agency Mx-PuUPA
Description conventions rda
041 1# - LANGUAGE CODE
Language code of text/sound track or separate title spa
Language code of original eng
100 1# - MAIN ENTRY--PERSONAL NAME
Personal name Zell, Mo,
Relator term autor
9 (RLIN) 16506
240 10 - UNIFORM TITLE
Uniform title The architectural drawing course: the hand drawing techniques every architect should know.
Language of a work Español
245 10 - TITLE STATEMENT
Title Curso de dibujo arquitectónico /
Statement of responsibility, etc. Mo Zell
246 34 - VARYING FORM OF TITLE
Title proper/short title Curso de dibujo arquitectónico :
Remainder of title herramientas y técnicas para represntación en 2-D y 3-D.
250 ## - EDITION STATEMENT
Edition statement Primera edición /
Remainder of edition statement ampliada, revisada, actualizada
264 #1 - PRODUCTION, PUBLICATION, DISTRIBUTION, MANUFACTURE, AND COPYRIGHT NOTICE
Place of production, publication, distribution, manufacture Ciudad de México :
Name of producer, publisher, distributor, manufacturer Editorial Trillas,
Date of production, publication, distribution, manufacture, or copyright notice 2019
300 ## - PHYSICAL DESCRIPTION
Extent 160 páginas :
Other physical details ilustraciones, planos (principalmente a color) ;
Dimensions 23 cm
336 ## - CONTENT TYPE
Content type term texto
Content type code txt
Fuente rdacontent
337 ## - MEDIA TYPE
Source rdamedia
Media type term sin medio
Media type code n
338 ## - CARRIER TYPE
Source rdacarrier
Carrier type term volumen
Carrier type code nc
650 #7 - SUBJECT ADDED ENTRY--TOPICAL TERM
Source of heading or term armarc
Topical term or geographic name entry element Dibujo arquitectónico
General subdivision Técnica
765 0# - ORIGINAL LANGUAGE ENTRY
Main entry heading Zell, Mo
Title The architectural drawing course: the hand drawing techniques every architect should know.
Place, publisher, and date of publication United Kingdom : Thames & Hudson Ltd, 2017
International Standard Book Number 9780500293454
942 ## - ADDED ENTRY ELEMENTS (KOHA)
Koha item type Libro
Source of classification or shelving scheme Dewey Decimal Classification
Classification part 720.28
Item part Z45
Existencias
Withdrawn status Lost status Source of classification or shelving scheme Damaged status Not for loan Collection code Home library Current library Shelving location Date acquired Source of acquisition Cost, normal purchase price Total Checkouts Total Renewals Full call number Barcode Date last seen Date last checked out Cost, replacement price Price effective from Koha item type Copy number
    Dewey Decimal Classification     General Biblioteca Karol Wojtyla Biblioteca Karol Wojtyla Sala general 25/11/2024 1 789.00 1 1 720.28 Z45 2019 105674 05/01/2026 18/11/2025 789.00 25/11/2024 Libro  
    Dewey Decimal Classification     General Biblioteca Karol Wojtyla Biblioteca Karol Wojtyla Sala general 18/03/2026 1 792.00     720.28 Z45 2019 106377 23/03/2026   792.00 18/03/2026 Libro Ej.2